[Event "EYCC 2024 - G14"]
[Site "?"]
[Date "2024.08.26"]
[Round "5.11"]
[White "Bashirli, Saadat"]
[Black "Sida, Flavia-Maria"]
[Result "1/2-1/2"]
[BlackElo "1746"]
[WhiteElo "1894"]
[LiveChessVersion "1.4.8"]

1. d4 {[%clk 1:30:57]} Nf6 {[%clk 1:30:55]} 2. c4 {[%clk 1:31:15]} c5
{[%clk 1:31:15]} 3. d5 {[%clk 1:31:37]} b5 {[%clk 1:31:39]} 4. Qc2
{[%clk 1:31:58]} bxc4 {[%clk 1:31:59]} 5. e4 {[%clk 1:32:18]} e6 {[%clk 1:31:37]}
6. Nc3 {[%clk 1:29:59]} exd5 {[%clk 1:19:17]} 7. exd5 {[%clk 1:29:49]} Bb7
{[%clk 1:17:20]} 8. Bxc4 {[%clk 1:29:20]} d6 {[%clk 1:17:23]} 9. Nf3
{[%clk 1:29:08]} Be7 {[%clk 1:17:21]} 10. O-O {[%clk 1:28:41]} Nbd7
{[%clk 1:17:24]} 11. Bf4 {[%clk 1:27:51]} O-O {[%clk 1:17:15]} 12. a4
{[%clk 1:21:17]} Nb6 {[%clk 1:13:08]} 13. Qb3 {[%clk 1:21:25]} Rb8
{[%clk 1:11:59]} 14. Qa2 {[%clk 1:18:10]} Nxc4 {[%clk 0:56:54]} 15. Qxc4
{[%clk 1:15:42]} Qb6 {[%clk 0:56:55]} 16. Qa2 {[%clk 1:06:43]} Rfe8
{[%clk 0:53:04]} 17. Rfe1 {[%clk 0:59:10]} Ba6 {[%clk 0:53:02]} 18. Rab1
{[%clk 0:44:40]} Qb4 {[%clk 0:52:37]} 19. Bd2 {[%clk 0:37:30]} Bc4
{[%clk 0:51:47]} 20. Qa1 {[%clk 0:34:43]} Qb7 {[%clk 0:50:56]} 21. b4
{[%clk 0:24:20]} cxb4 {[%clk 0:47:11]} 22. Nd4 {[%clk 0:24:39]} Nxd5
{[%clk 0:33:57]} 23. Nxd5 {[%clk 0:23:35]} Qxd5 {[%clk 0:34:17]} 24. Rxb4
{[%clk 0:19:13]} Bf6 {[%clk 0:34:20]} 25. Rxb8 {[%clk 0:18:29]} Rxb8
{[%clk 0:34:44]} 26. Qb2 {[%clk 0:16:05]} Rc8 {[%clk 0:33:20]} 27. Bc3
{[%clk 0:15:45]} Ba6 {[%clk 0:31:27]} 28. Nf3 {[%clk 0:12:23]} Bxc3
{[%clk 0:30:23]} 29. Qxc3 {[%clk 0:12:52]} h6 {[%clk 0:30:24]} 30. Qe3
{[%clk 0:12:40]} Qc5 {[%clk 0:29:44]} 31. Qe7 {[%clk 0:11:08]} Bc4
{[%clk 0:23:27]} 32. h3 {[%clk 0:10:10]} Be6 {[%clk 0:23:08]} 33. Nd2
{[%clk 0:07:52]} d5 {[%clk 0:22:35]} 34. Qh4 {[%clk 0:07:06]} Qa5
{[%clk 0:19:57]} 35. Nf3 {[%clk 0:03:38]} Rc4 {[%clk 0:16:36]} 36. Qe7
{[%clk 0:03:52]} Qc7 {[%clk 0:16:17]} 37. Qe8+ {[%clk 0:03:28]} Kh7
{[%clk 0:16:37]} 38. Qb5 {[%clk 0:02:31]} Qc6 {[%clk 0:11:30]} 39. Qb1+
{[%clk 0:02:40]} g6 {[%clk 0:08:28]} 40. Ne5 {[%clk 0:02:53]} Qxa4
{[%clk 0:08:05]} 41. Nxc4 {[%clk 0:02:37]} dxc4 {[%clk 0:08:27]} 42. Rc1
{[%clk 0:01:59]} a5 {[%clk 0:08:06]} 43. Rc3 {[%clk 0:01:36]} Qb4
{[%clk 0:07:49]} 44. Qa1 {[%clk 0:01:42]} a4 {[%clk 0:06:11]} 45. Ra3
{[%clk 0:01:31]} Bd7 {[%clk 0:06:18]} 46. Qc1 {[%clk 0:01:35]} Bc6
{[%clk 0:05:03]} 47. Rc3 {[%clk 0:01:55]} Bd5 {[%clk 0:05:01]} 48. Ra3
{[%clk 0:01:32]} Be6 {[%clk 0:04:51]} 49. Qa1 {[%clk 0:01:29]} Bd7
{[%clk 0:04:54]} 50. Rf3 {[%clk 0:01:39]} Be6 {[%clk 0:04:38]} 51. Qc1
{[%clk 0:01:42]} Qd6 {[%clk 0:04:18]} 52. Qa3 {[%clk 0:01:05]} Qxa3
{[%clk 0:02:57]} 53. Rxa3 {[%clk 0:01:33]} Bd7 {[%clk 0:03:18]} 54. Kf1
{[%clk 0:01:43]} Kg7 {[%clk 0:03:43]} 55. Ke2 {[%clk 0:02:03]} Kf6
{[%clk 0:03:45]} 56. Kd2 {[%clk 0:02:04]} Ke5 {[%clk 0:03:37]} 57. Kc3
{[%clk 0:02:25]} Kd5 {[%clk 0:03:42]} 58. Kb4 {[%clk 0:01:26]} Kd4
{[%clk 0:03:32]} 59. Rc3 {[%clk 0:01:46]} Be6 {[%clk 0:03:51]} 60. Rg3
{[%clk 0:01:57]} Bd7 {[%clk 0:02:54]} 61. Rf3 {[%clk 0:01:50]} Be6
{[%clk 0:02:30]} 62. Kxa4 {[%clk 0:01:15]} c3 {[%clk 0:02:21]} 63. Kb4
{[%clk 0:00:56]} c2 {[%clk 0:02:25]} 64. Rc3 {[%clk 0:01:25]} Bf5
{[%clk 0:02:44]} 65. Kb3 {[%clk 0:01:36]} g5 {[%clk 0:02:22]} 66. Kb2
{[%clk 0:01:51]} Bg6 {[%clk 0:02:26]} 67. Ra3 {[%clk 0:01:15]} Ke5
{[%clk 0:01:43]} 68. Kc1 {[%clk 0:01:23]} Kf6 {[%clk 0:01:41]} 69. Kd2
{[%clk 0:01:44]} Ke5 {[%clk 0:01:57]} 70. Ra4 {[%clk 0:01:44]} h5
{[%clk 0:01:53]} 71. Rc4 {[%clk 0:02:04]} Kd5 {[%clk 0:01:41]} 72. Rb4
{[%clk 0:02:16]} Ke5 {[%clk 0:02:00]} 73. Rb5+ {[%clk 0:02:33]} Kf6
{[%clk 0:01:29]} 74. Rc5 {[%clk 0:02:55]} Be4 {[%clk 0:01:14]} 75. f3
{[%clk 0:02:45]} Bg6 {[%clk 0:00:49]} 76. g4 {[%clk 0:02:23]} hxg4
{[%clk 0:01:11]} 77. hxg4 {[%clk 0:02:19]} Bh7 {[%clk 0:01:36]} 78. Ke3
{[%clk 0:02:21]} Ke6 {[%clk 0:01:38]} 79. Kd4 {[%clk 0:02:00]} f6
{[%clk 0:01:35]} 80. Ke3 {[%clk 0:01:47]} Kd6 {[%clk 0:01:26]} 81. Rc8
{[%clk 0:01:52]} Ke5 {[%clk 0:01:21]} 82. Kd2 {[%clk 0:01:46]} Kf4
{[%clk 0:00:47]} 83. Ke2 {[%clk 0:01:15]} 1/2-1/2

[Event "EYCC 2024 - G14"]
[Site "?"]
[Date "2024.08.26"]
[Round "5.12"]
[White "Khairova, Evelina"]
[Black "Krkyasharyan, Sona"]
[Result "0-1"]
[BlackElo "1884"]
[WhiteElo "1717"]
[LiveChessVersion "1.4.8"]

1. Nf3 {[%clk 1:30:57]} d5 {[%clk 1:30:54]} 2. g3 {[%clk 1:31:20]} g6
{[%clk 1:31:18]} 3. Bg2 {[%clk 1:31:21]} Bg7 {[%clk 1:31:43]} 4. O-O
{[%clk 1:31:28]} Nf6 {[%clk 1:32:07]} 5. c4 {[%clk 1:31:47]} c6 {[%clk 1:31:55]}
6. b3 {[%clk 1:31:48]} O-O {[%clk 1:32:17]} 7. Bb2 {[%clk 1:32:10]} Bg4
{[%clk 1:32:20]} 8. d3 {[%clk 1:31:26]} Nbd7 {[%clk 1:32:18]} 9. Nbd2
{[%clk 1:30:52]} Bxf3 {[%clk 1:24:40]} 10. Nxf3 {[%clk 1:29:13]} a5
{[%clk 1:23:06]} 11. a4 {[%clk 1:25:33]} Qb6 {[%clk 1:21:53]} 12. Rb1
{[%clk 1:13:50]} Rfd8 {[%clk 1:19:28]} 13. Qc2 {[%clk 1:10:57]} h5
{[%clk 1:06:23]} 14. h3 {[%clk 0:58:09]} Qc7 {[%clk 0:58:56]} 15. e3
{[%clk 0:51:08]} e5 {[%clk 0:54:07]} 16. Nd2 {[%clk 0:48:34]} Rac8
{[%clk 0:51:13]} 17. f4 {[%clk 0:42:41]} Re8 {[%clk 0:49:34]} 18. Rbe1
{[%clk 0:30:42]} Qb6 {[%clk 0:42:43]} 19. fxe5 {[%clk 0:20:21]} Nxe5
{[%clk 0:42:53]} 20. d4 {[%clk 0:19:28]} Ned7 {[%clk 0:42:55]} 21. Qd3
{[%clk 0:17:36]} Rcd8 {[%clk 0:38:21]} 22. e4 {[%clk 0:12:08]} dxe4
{[%clk 0:35:32]} 23. Bxe4 {[%clk 0:10:18]} Nc5 {[%clk 0:24:08]} 24. Qf3
{[%clk 0:05:49]} Ncxe4 {[%clk 0:24:17]} 25. Nxe4 {[%clk 0:05:56]} Nxe4
{[%clk 0:24:07]} 26. Qxf7+ {[%clk 0:04:37]} Kh7 {[%clk 0:24:15]} 27. c5
{[%clk 0:03:51]} Qb4 {[%clk 0:23:00]} 28. Ba1 {[%clk 0:00:52]} Rf8
{[%clk 0:22:57]} 29. Qe7 {[%clk 0:01:00]} Rde8 {[%clk 0:20:38]} 30. Qc7
{[%clk 0:00:38]} Qxb3 {[%clk 0:20:49]} 31. Rxf8 Rxf8 {[%clk 0:21:08]} 32. d5
{[%clk 0:00:40]} Nc3 {[%clk 0:19:58]} 33. Bxc3 {[%clk 0:00:35]} Qxc3
{[%clk 0:20:20]} 34. Rb1 {[%clk 0:00:31]} Qxc5+ {[%clk 0:20:32]} 0-1

[Event "EYCC 2024 - G14"]
[Site "?"]
[Date "2024.08.26"]
[Round "5.13"]
[White "Roebers, Bregje"]
[Black "Skramstad, Oda Kofoed"]
[Result "0-1"]
[BlackElo "1980"]
[WhiteElo "1796"]
[LiveChessVersion "1.4.8"]

1. e4 {[%clk 1:30:49]} c5 {[%clk 1:30:25]} 2. Nc3 {[%clk 1:30:36]} Nc6
{[%clk 1:30:21]} 3. g3 {[%clk 1:29:48]} e6 {[%clk 1:24:39]} 4. Bg2
{[%clk 1:25:02]} Nf6 {[%clk 1:20:41]} 5. Nf3 {[%clk 1:21:02]} d6 {[%clk 1:15:27]}
6. O-O {[%clk 1:20:14]} Be7 {[%clk 1:13:02]} 7. d3 {[%clk 1:18:16]} O-O
{[%clk 1:12:20]} 8. Nh4 {[%clk 1:11:09]} Nd7 {[%clk 1:08:25]} 9. f4
{[%clk 1:07:19]} Bxh4 {[%clk 1:04:56]} 10. gxh4 {[%clk 1:07:05]} Qxh4
{[%clk 1:04:59]} 11. f5 {[%clk 0:59:01]} exf5 {[%clk 0:57:07]} 12. Rf4
{[%clk 0:57:17]} Qd8 {[%clk 0:55:54]} 13. exf5 {[%clk 0:55:58]} Nf6
{[%clk 0:48:55]} 14. Be3 {[%clk 0:45:59]} Re8 {[%clk 0:47:22]} 15. Bf2
{[%clk 0:43:35]} Nd4 {[%clk 0:40:45]} 16. Bh4 {[%clk 0:36:12]} Bxf5
{[%clk 0:34:23]} 17. Nd5 {[%clk 0:33:11]} Ne2+ {[%clk 0:32:22]} 18. Kh1
{[%clk 0:27:30]} Nxf4 {[%clk 0:34:25]} 19. Bxf6 {[%clk 0:26:58]} gxf6
{[%clk 0:33:17]} 20. Nxf4 {[%clk 0:27:08]} Rb8 {[%clk 0:29:14]} 21. Qf3
{[%clk 0:26:23]} Re5 {[%clk 0:26:29]} 22. Rg1 {[%clk 0:24:59]} Kh8
{[%clk 0:26:01]} 23. Nd5 {[%clk 0:23:27]} Bg6 {[%clk 0:24:51]} 24. Bh3
{[%clk 0:20:59]} f5 {[%clk 0:19:38]} 25. c3 {[%clk 0:19:00]} Qh4 {[%clk 0:19:57]}
26. Bf1 {[%clk 0:16:56]} Rbe8 {[%clk 0:19:08]} 27. Rg3 {[%clk 0:15:22]} Re1
{[%clk 0:17:36]} 28. Kg2 {[%clk 0:12:24]} R8e5 {[%clk 0:14:10]} 29. Nf4
{[%clk 0:08:42]} R1e3 {[%clk 0:13:32]} 30. Qf2 {[%clk 0:08:38]} Rxg3+
{[%clk 0:13:43]} 31. hxg3 {[%clk 0:09:02]} Qe7 {[%clk 0:13:58]} 32. Be2
{[%clk 0:08:12]} b6 {[%clk 0:13:33]} 33. Bf3 {[%clk 0:07:59]} Qf8
{[%clk 0:12:22]} 34. Qd2 {[%clk 0:06:06]} Qd8 {[%clk 0:10:40]} 35. Qf2
{[%clk 0:05:39]} f6 {[%clk 0:09:47]} 36. Bd5 {[%clk 0:05:09]} Qe8
{[%clk 0:09:31]} 37. Qf3 {[%clk 0:03:46]} Re3 {[%clk 0:09:03]} 38. Bc6
{[%clk 0:02:33]} Rxf3 {[%clk 0:07:18]} 39. Bxe8 {[%clk 0:02:48]} Re3
{[%clk 0:07:26]} 40. Bxg6 {[%clk 0:02:39]} hxg6 {[%clk 0:07:50]} 41. Kf2
{[%clk 0:02:56]} Re8 {[%clk 0:07:48]} 42. Nxg6+ {[%clk 0:02:30]} Kg7
{[%clk 0:08:12]} 43. Nh4 {[%clk 0:02:07]} Re5 {[%clk 0:08:11]} 44. Nf3
{[%clk 0:01:48]} Rd5 {[%clk 0:07:46]} 45. Ke3 {[%clk 0:01:36]} Kg6
{[%clk 0:05:23]} 46. c4 {[%clk 0:01:22]} Re5+ {[%clk 0:05:48]} 47. Kf2
{[%clk 0:01:12]} Re8 {[%clk 0:05:53]} 48. Nh4+ {[%clk 0:01:24]} Kg5
{[%clk 0:06:02]} 49. Nf3+ {[%clk 0:01:46]} Kh5 {[%clk 0:06:24]} 50. Nh2
{[%clk 0:01:21]} a6 {[%clk 0:06:30]} 51. Nf3 {[%clk 0:01:17]} b5 {[%clk 0:06:35]}
52. Nd2 {[%clk 0:01:32]} Kg4 {[%clk 0:06:34]} 53. b3 {[%clk 0:01:08]} f4
{[%clk 0:06:37]} 54. gxf4 {[%clk 0:01:22]} Kxf4 {[%clk 0:06:57]} 55. Nf1
{[%clk 0:01:30]} Rh8 {[%clk 0:06:54]} 56. Ke2 {[%clk 0:01:04]} b4
{[%clk 0:06:49]} 57. Kf2 {[%clk 0:00:54]} Rh1 {[%clk 0:06:58]} 58. Ne3
{[%clk 0:00:36]} Rh2+ {[%clk 0:07:18]} 0-1

[Event "EYCC 2024 - G14"]
[Site "?"]
[Date "2024.08.26"]
[Round "5.14"]
[White "Jimenez Carrazoni, Marta Elena"]
[Black "Lajdamik, Kinga"]
[Result "1-0"]
[BlackElo "1697"]
[WhiteElo "1946"]
[LiveChessVersion "1.4.8"]

1. d4 {[%clk 1:30:57]} Nf6 {[%clk 1:30:55]} 2. c4 {[%clk 1:31:20]} e6
{[%clk 1:31:21]} 3. Nf3 {[%clk 1:31:43]} Bb4+ {[%clk 1:31:38]} 4. Nbd2
{[%clk 1:31:45]} O-O {[%clk 1:31:50]} 5. a3 {[%clk 1:32:07]} Be7 {[%clk 1:31:46]}
6. e4 {[%clk 1:30:24]} d6 {[%clk 1:31:36]} 7. Bd3 {[%clk 1:29:39]} Nbd7
{[%clk 1:30:42]} 8. b4 {[%clk 1:22:11]} b6 {[%clk 1:26:44]} 9. Bb2
{[%clk 1:11:50]} Bb7 {[%clk 1:25:43]} 10. Qc2 {[%clk 1:11:19]} h6
{[%clk 1:25:07]} 11. O-O {[%clk 1:08:44]} c5 {[%clk 1:25:12]} 12. d5
{[%clk 1:05:18]} e5 {[%clk 1:22:02]} 13. Rfe1 {[%clk 1:05:01]} Nh5
{[%clk 1:17:36]} 14. g3 {[%clk 1:03:13]} g6 {[%clk 1:16:27]} 15. Nf1
{[%clk 1:02:09]} Ng7 {[%clk 1:10:24]} 16. Bc1 {[%clk 0:57:49]} h5
{[%clk 1:07:45]} 17. Ne3 {[%clk 0:56:27]} Nf6 {[%clk 1:02:02]} 18. bxc5
{[%clk 0:51:45]} bxc5 {[%clk 1:00:56]} 19. Rb1 {[%clk 0:51:45]} Bc8
{[%clk 0:58:35]} 20. Nd2 {[%clk 0:47:29]} Ng4 {[%clk 0:56:25]} 21. Ng2
{[%clk 0:42:07]} f5 {[%clk 0:54:43]} 22. f3 {[%clk 0:39:31]} Nf6 {[%clk 0:52:17]}
23. Nh4 {[%clk 0:37:34]} fxe4 {[%clk 0:51:19]} 24. fxe4 {[%clk 0:36:52]} Kh7
{[%clk 0:49:42]} 25. Ndf3 {[%clk 0:35:35]} Ng4 {[%clk 0:48:51]} 26. Qd2
{[%clk 0:30:35]} Bxh4 {[%clk 0:39:31]} 27. Nxh4 {[%clk 0:30:15]} Rf2
{[%clk 0:20:41]} 28. Re2 {[%clk 0:29:04]} Rxe2 {[%clk 0:18:08]} 29. Bxe2
{[%clk 0:28:31]} Qh8 {[%clk 0:11:41]} 30. h3 {[%clk 0:18:25]} Nf6
{[%clk 0:12:03]} 31. Qh6+ {[%clk 0:18:37]} Kg8 {[%clk 0:12:26]} 32. Qxg6
{[%clk 0:18:50]} Nfe8 {[%clk 0:12:46]} 33. Nf5 {[%clk 0:16:03]} Bxf5
{[%clk 0:12:04]} 34. exf5 {[%clk 0:16:28]} Qh7 {[%clk 0:12:26]} 35. Qxh7+
{[%clk 0:16:11]} Kxh7 {[%clk 0:12:50]} 36. Bd3 {[%clk 0:15:58]} Nf6
{[%clk 0:12:34]} 37. Bg5 {[%clk 0:16:13]} Nge8 {[%clk 0:09:09]} 38. Rb7+
{[%clk 0:16:22]} Kg8 {[%clk 0:09:25]} 39. Bc2 {[%clk 0:14:43]} a5
{[%clk 0:08:55]} 40. Ba4 {[%clk 0:14:33]} Ne4 {[%clk 0:08:48]} 41. Bh4
{[%clk 0:12:32]} Kf8 {[%clk 0:06:51]} 42. g4 {[%clk 0:11:17]} Nd2
{[%clk 0:06:38]} 43. Be7+ {[%clk 0:09:30]} Kg8 {[%clk 0:06:27]} 44. Bb5
{[%clk 0:07:38]} e4 {[%clk 0:02:34]} 45. Kf2 {[%clk 0:07:02]} hxg4
{[%clk 0:02:51]} 46. hxg4 {[%clk 0:07:21]} Nf3 {[%clk 0:03:00]} 47. g5
{[%clk 0:05:14]} Ng7 {[%clk 0:02:26]} 48. f6 {[%clk 0:04:23]} Nf5
{[%clk 0:02:17]} 49. g6 {[%clk 0:04:17]} Ne5 {[%clk 0:01:11]} 50. f7+
{[%clk 0:03:24]} Nxf7 {[%clk 0:01:30]} 51. gxf7+ {[%clk 0:03:49]} Kxf7
{[%clk 0:01:55]} 52. Bxd6+ {[%clk 0:04:09]} Kf6 {[%clk 0:02:18]} 53. Bxc5
{[%clk 0:04:23]} 1-0

[Event "EYCC 2024 - G14"]
[Site "?"]
[Date "2024.08.26"]
[Round "5.15"]
[White "Biro, Beata"]
[Black "Kravchenko, Anastasiia"]
[Result "0-1"]
[BlackElo "1690"]
[WhiteElo "1926"]
[LiveChessVersion "1.4.8"]

1. e4 {[%clk 1:30:58]} c5 {[%clk 1:30:53]} 2. Nc3 {[%clk 1:31:19]} Nc6
{[%clk 1:31:18]} 3. g3 {[%clk 1:31:13]} g6 {[%clk 1:31:37]} 4. Bg2
{[%clk 1:31:32]} Bg7 {[%clk 1:32:02]} 5. d3 {[%clk 1:31:44]} d6 {[%clk 1:32:18]}
6. f4 {[%clk 1:31:09]} e6 {[%clk 1:32:21]} 7. Nf3 {[%clk 1:30:34]} Nge7
{[%clk 1:32:20]} 8. O-O {[%clk 1:29:23]} O-O {[%clk 1:31:58]} 9. Ne2
{[%clk 1:26:33]} Nd4 {[%clk 1:28:41]} 10. Nfxd4 {[%clk 1:24:27]} cxd4
{[%clk 1:28:57]} 11. g4 {[%clk 1:22:26]} f5 {[%clk 1:27:04]} 12. g5
{[%clk 1:17:28]} e5 {[%clk 1:19:59]} 13. h4 {[%clk 1:08:44]} fxe4
{[%clk 1:16:38]} 14. dxe4 {[%clk 1:08:46]} Bg4 {[%clk 1:14:52]} 15. Qe1
{[%clk 1:07:09]} Rc8 {[%clk 1:12:46]} 16. c3 {[%clk 1:00:11]} Qa5
{[%clk 0:59:37]} 17. cxd4 {[%clk 0:50:18]} Qxe1 {[%clk 0:57:42]} 18. Rxe1
{[%clk 0:50:42]} Bxe2 {[%clk 0:58:09]} 19. Rxe2 {[%clk 0:51:04]} exf4
{[%clk 0:58:36]} 20. Rd2 {[%clk 0:45:27]} Nc6 {[%clk 0:55:35]} 21. d5
{[%clk 0:40:28]} Nd4 {[%clk 0:55:14]} 22. Rd1 {[%clk 0:33:16]} Rc2
{[%clk 0:47:46]} 23. Rb1 {[%clk 0:26:39]} Ne2+ {[%clk 0:43:02]} 24. Kh1
{[%clk 0:24:27]} f3 {[%clk 0:42:36]} 25. Bf1 {[%clk 0:24:45]} Bd4
{[%clk 0:36:38]} 26. Rxd4 {[%clk 0:20:22]} Nxd4 {[%clk 0:37:02]} 27. Be3
{[%clk 0:20:17]} Ne2 {[%clk 0:36:59]} 28. e5 {[%clk 0:19:39]} dxe5
{[%clk 0:34:10]} 29. d6 {[%clk 0:18:45]} Ng3+ {[%clk 0:34:33]} 30. Kg1
{[%clk 0:19:08]} Nf5 {[%clk 0:34:54]} 31. Bxa7 {[%clk 0:17:13]} Nxd6
{[%clk 0:30:30]} 32. Rd1 Ne4 {[%clk 0:30:30]} 33. Bb6 {[%clk 0:08:35]} Rf4
{[%clk 0:26:19]} 34. Rd8+ {[%clk 0:07:43]} Kf7 {[%clk 0:26:17]} 35. Rd7+
{[%clk 0:06:52]} Ke6 {[%clk 0:26:40]} 36. Bh3+ {[%clk 0:07:09]} Rf5
{[%clk 0:26:48]} 37. Bxf5+ {[%clk 0:06:37]} gxf5 {[%clk 0:26:54]} 38. Rd1
{[%clk 0:04:22]} Rg2+ {[%clk 0:26:40]} 39. Kf1 {[%clk 0:04:41]} Ng3+
{[%clk 0:26:58]} 40. Ke1 {[%clk 0:05:06]} Re2# {[%clk 0:27:21]} 0-1

[Event "EYCC 2024 - G14"]
[Site "?"]
[Date "2024.08.26"]
[Round "5.16"]
[White "Ashotia, Barbare"]
[Black "Haasova, Timea"]
[Result "1-0"]
[BlackElo "1890"]
[WhiteElo "1724"]
[LiveChessVersion "1.4.8"]

1. e4 {[%clk 1:30:46]} e6 {[%clk 1:30:53]} 2. d4 {[%clk 1:31:11]} d5
{[%clk 1:31:16]} 3. Nc3 {[%clk 1:31:34]} Bb4 {[%clk 1:31:13]} 4. e5
{[%clk 1:31:54]} c5 {[%clk 1:30:33]} 5. Bd2 {[%clk 1:31:57]} Nc6 {[%clk 1:11:14]}
6. Nb5 {[%clk 1:30:24]} Bxd2+ {[%clk 1:09:16]} 7. Qxd2 {[%clk 1:30:46]} Nxd4
{[%clk 1:05:03]} 8. Nxd4 {[%clk 1:30:46]} cxd4 {[%clk 1:05:24]} 9. Nf3
{[%clk 1:23:02]} Ne7 {[%clk 1:01:18]} 10. Nxd4 {[%clk 1:23:09]} a6
{[%clk 0:59:24]} 11. h4 {[%clk 1:19:50]} Qc7 {[%clk 0:51:59]} 12. f4
{[%clk 1:15:09]} Bd7 {[%clk 0:48:37]} 13. h5 {[%clk 1:10:55]} h6 {[%clk 0:43:16]}
14. g4 {[%clk 1:08:08]} Nc6 {[%clk 0:40:04]} 15. O-O-O {[%clk 1:01:58]} Nxd4
{[%clk 0:34:03]} 16. Qxd4 {[%clk 0:59:58]} Rc8 {[%clk 0:31:27]} 17. Qd2
{[%clk 0:54:31]} b5 {[%clk 0:25:12]} 18. Bd3 {[%clk 0:51:01]} a5 {[%clk 0:19:49]}
19. Kb1 {[%clk 0:49:08]} b4 {[%clk 0:19:08]} 20. Rhg1 {[%clk 0:48:07]} Qb6
{[%clk 0:15:39]} 21. g5 {[%clk 0:46:01]} a4 {[%clk 0:14:31]} 22. g6
{[%clk 0:43:50]} b3 {[%clk 0:11:54]} 23. cxb3 {[%clk 0:42:46]} axb3
{[%clk 0:12:02]} 24. a3 {[%clk 0:43:01]} Bb5 {[%clk 0:09:39]} 25. gxf7+
{[%clk 0:42:15]} Kxf7 {[%clk 0:09:15]} 26. f5 {[%clk 0:39:02]} Bxd3+
{[%clk 0:03:42]} 27. Qxd3 {[%clk 0:38:50]} Rc2 {[%clk 0:03:17]} 28. f6
{[%clk 0:34:46]} Rg8 {[%clk 0:02:38]} 29. Qg6+ {[%clk 0:31:49]} Kf8
{[%clk 0:03:04]} 30. f7 {[%clk 0:31:23]} Rxb2+ {[%clk 0:02:05]} 31. Kxb2
{[%clk 0:31:48]} Qf2+ {[%clk 0:02:26]} 32. Kxb3 {[%clk 0:32:06]} Qb6+
{[%clk 0:02:35]} 33. Ka2 {[%clk 0:32:24]} Qf2+ {[%clk 0:02:52]} 34. Ka1
{[%clk 0:32:46]} 1-0